00395nam a2200157Ia 4500008004100000020001800041050001400059245004400073260001500117260002400132260000900156300001400165300002500179300001000204440002300214180207s9999 xx 000 0 und d a9780375815570 bP294 2002 aPat-a-cake and other first baby games / aNew York : bRandom House, Inc., c2002 aunpaged : bcolor illustration ; c21cm. aSesame Beginnings.